000 00441nam a2200205Ia 4500
001 001008
003 YMCAF
005 20230512160044.0
008 100717s1971 ||||||||||||||||| ||und|d
024 _a1008
035 _a990
040 _aYMCAF
_beng
_cIN-KoLT
041 _aeng
082 _aTHE-WES
100 _aWESTON E.B.
245 0 _aTHEORY AND DESIGN OF AUTOMATIC TR. COMP.
260 _c1971
300 _a210
942 _2ddc
_cBK
999 _c804
_d804